Iran Tile Quiz - Statistics

General Stats
  • This quiz has been taken 121 times
  • The average score is 43 of 59
Answer Stats
Question Tile Select % Correct
Cities of Iran Tehran Yes
100%
Cities of Iran Baku No
99%
Cities of Iran Muscat No
97%
Cities of Iran Annam No
96%
Cities of Iran Golan No
96%
Cities of Iran Van No
96%
Cities of Iran Basra No
95%
Cities of Iran Shiraz Yes
93%
Cities of Iran Kufa No
92%
Cities of Iran Isfahan Yes
91%
Cities of Iran Qom Yes
87%
Historical dynasties of Iran (Persia) Syrian No
86%
Cities of Iran Herat No
85%
Historical dynasties of Iran (Persia) Hephthalite No
83%
Cities of Iran Tabriz Yes
83%
Historical dynasties of Iran (Persia) Turid No
83%
Historical dynasties of Iran (Persia) Paremenid No
81%
True statements about modern Iran Iran is a major oil producer Yes
80%
Historical dynasties of Iran (Persia) Mughal No
80%
Pictures taken in Iran No
79%
Historical dynasties of Iran (Persia) Avarid No
79%
Cities of Iran Mazar-i-Sharif No
78%
Historical dynasties of Iran (Persia) Ahmedid No
77%
Cities of Iran Mashhad Yes
77%
Historical dynasties of Iran (Persia) Achaemenid Yes
76%
Historical dynasties of Iran (Persia) Jafarid No
76%
True statements about Iranian (Persian) History Norman Crusaders once marched to Iran, but were defeated in battle No
75%
Pictures taken in Iran No
74%
Historical dynasties of Iran (Persia) Sufyanid No
74%
True statements about modern Iran Around 30% of Iranians are illiterate No
73%
Historical dynasties of Iran (Persia) Pahlavi Yes
72%
Historical dynasties of Iran (Persia) Sassanid Yes
72%
True statements about Iranian (Persian) History Persian literature was little known in the Islamic world until the 18th century No
70%
Historical dynasties of Iran (Persia) Safavid Yes
70%
True statements about Iranian (Persian) History Shi'a Islam only became dominant in Iran under the Safavid dynasty Yes
70%
True statements about Iranian (Persian) History The name "Iran" became internationally official in 1935 Yes
70%
Pictures taken in Iran No
69%
Pictures taken in Iran Yes
68%
Pictures taken in Iran No
68%
True statements about modern Iran Iran executes more people annually than any other country on Earth No
68%
True statements about modern Iran Iran recieves any snowfall roughly every fourth winter No
67%
True statements about modern Iran It ain't just strong words: Iran has used direct military force against Israel Yes
67%
True statements about Iranian (Persian) History During the Cold War, communist revolutionaries briefly took over Iran and ruled for 3 years No
66%
Pictures taken in Iran Yes
65%
True statements about modern Iran While religiously unfavourable, it is perfectly legal for women to not wear a headscarf in public No
64%
True statements about modern Iran Persians only make up about 60% of Iran's ethnic composition Yes
59%
True statements about Iranian (Persian) History The First Persian Empire fell to the Macedonian army of Philip II No
59%
Pictures taken in Iran Yes
58%
True statements about Iranian (Persian) History Ruhollah Khomeini had a deep interest in Plato's philosophy Yes
57%
True statements about modern Iran The current Ayatollah of Iran claims descent from Ali, the companion of prophet Muhammad Yes
54%
Historical dynasties of Iran (Persia) Parthian Yes
53%
Pictures taken in Iran Yes
51%
Historical dynasties of Iran (Persia) Qajar Yes
51%
Pictures taken in Iran Yes
50%
True statements about modern Iran The presidency is a democractically elected office in Iran Yes
49%
True statements about Iranian (Persian) History Iran's Caspian coast was once raided by Vikings Yes
43%
Historical dynasties of Iran (Persia) Timurid Yes
40%
Cities of Iran Karaj Yes
39%
True statements about Iranian (Persian) History After the Islamic conquest of Persia, its royal family fled to China Yes
25%
No matching quizzes found
Score Distribution
Percent of People with Each Score
Percentile by Number Answered
Your Score History
You have not taken this quiz